| 000 | 00511nam a22001697a 4500 | ||
|---|---|---|---|
| 005 | 20240327133500.0 | ||
| 008 | 240327b |||||||| |||| 00| 0 eng d | ||
| 020 | _a9780470622049 | ||
| 082 |
_a005.165 _bDOL-I |
||
| 100 | _aDolce, Julian | ||
| 245 |
_aiOS Development with Flash : _bYour visual blueprint for developing Apple apps / _cJulian Docle |
||
| 260 |
_aUSA: _bVivsual; _c2011. |
||
| 300 |
_ax, 340 p. : _bill; _c24 cm. |
||
| 500 | _ainclude index. | ||
| 650 | _acomputer science/Database | ||
| 999 |
_c35489 _d35489 |
||